Selected pages from the Nautical almanac 1992 : supplement principles of navigation / (Record no. 3397)

000 -LEADER
fixed length control field 00413nam a22001337a 4500
008 - FIXED-LENGTH DATA ELEMENTS--GENERAL INFORMATION
fixed length control field 200611b ||||| |||| 00| 0 eng d
082 00 - DEWEY DECIMAL CLASSIFICATION NUMBER
Classification number 528.2
Item number N314
110 ## - MAIN ENTRY--CORPORATE NAME
9 (RLIN) 5433
Corporate name or jurisdiction name as entry element Nautical Almanac Office
245 10 - TITLE STATEMENT
Title Selected pages from the Nautical almanac 1992 : supplement principles of navigation /
260 ## - PUBLICATION, DISTRIBUTION, ETC. (IMPRINT)
Place of publication, distribution, etc London:
Name of publisher, distributor, etc Nautical Almanac Office,
Date of publication, distribution, etc 1992.
300 ## - PHYSICAL DESCRIPTION
Extent 52 p.
650 #0 - SUBJECT ADDED ENTRY--TOPICAL TERM
Topical term or geographic name as entry element Nautical Science
942 ## - ADDED ENTRY ELEMENTS (KOHA)
Item type Books
Holdings
Withdrawn status Lost status Source of classification or shelving scheme Damaged status Not for loan Permanent location Current location Date acquired Source of acquisition Full call number Barcode Date last seen Koha item type
          IMU Kolkata IMU Kolkata 2012-07-30 Ross Marketing 528.2 N314 11581 2020-06-11 Books
          IMU Kolkata IMU Kolkata 2012-07-30 Ross Marketing 528.2 N314 11582 2020-06-11 Books
          IMU Kolkata IMU Kolkata 2012-07-30 Ross Marketing 528.2 N314 11583 2020-06-11 Books
Designed and Maintained by IMU-KC Library, Kolkata Campus © Copyright All Rights Reserved

webs counters

Powered by Koha